00553pab a2200181 454500008004000000100001800040245005700058260000900115300001300124362001000137650002100147700001600168700001700184773003400201909001100235999001900246952010600265180718b2015 xxu||||| |||| 00| 0 eng d aBhatty, Kiran aThe public education system and what the costs imply c2015 ap.10-13. a1 Aug aPublic education aRoy, Rathin aDe, Anuradha aEconomic and Political Weekly a109043 c109038d109038 00104070aIIPAbIIPAd2018-07-19hVolume no: 50, Issue no: 31pAR109503r2018-07-19w2018-07-19yAR